000 00726nam a22002177a 4500
003 OSt
005 20230817154956.0
008 221006b |||||||| |||| 00| 0 eng d
020 _a9 771889 519006
040 _cBiblioteca Lado V
082 _a861
_bV844i
100 _9755
_aVitier, Cintio
_eeditor
245 _aLa Isla Infinita/
_bRevista de Poesía/
260 _bEditorial Letras Cubanas
_c1999
_aCuba
300 _c17x28cm
_a135p.
650 _2Tesauro de Arte & Arquitectura
_aPOESIA
_9703
650 _2Tesauro de Arte & Arquitectura
_aLITERATURA
650 _2Tesauro de Arte & Arquitectura
_aPOESIA CUBANA
650 _2Tesauro de Arte & Arquitectura
_aARTE
942 _2ddc
_c1
_h861
_iV844i
_n0
999 _c4172
_d4172